| 000 | 00860nam a2200229Ia 4500 | ||
|---|---|---|---|
| 003 | 0 | ||
| 005 | 20250122120049.0 | ||
| 008 | 150126s9999 xx 000 0 und d | ||
| 050 |
_aPHS GV 706.4 _b.Eu87 2014 |
||
| 100 | _aEugenio, Marielle Rae G. | ||
| 245 |
_aCoach-athlete relationship and sports performance of SISC high school varsity players academic year 2013-2014 / _cMarielle Rae G. Eugenio. |
||
| 260 |
_aLas PiƱas City, Philippines : _bSouthville International School and Colleges, _c2014. |
||
| 300 |
_a20 pages : _billustration ; _c28 cm. |
||
| 504 | _aIncludes bibliographical references. | ||
| 650 | _aSports Performance. | ||
| 650 | _aCoach-athlete relationships. | ||
| 650 |
_aAthletes _2Psychology. |
||
| 650 |
_aVarsity sports _zPhilippines. |
||
| 650 | _aHigh school athletes. | ||
| 650 | _aCoaching (Athletics). | ||
| 942 |
_2lcc _cPASS |
||
| 999 |
_c278724 _d278724 |
||